Reflections on League Covenant, United Nations and International Court of Justice. (Record no. 79452)

MARC details
000 -LEADER
fixed length control field 00707cam a22002411 4500
001 - CONTROL NUMBER
control field sa 68003395
003 - CONTROL NUMBER IDENTIFIER
control field DLC
005 - DATE AND TIME OF LATEST TRANSACTION
control field 20260227112452.0
008 - FIXED-LENGTH DATA ELEMENTS--GENERAL INFORMATION
fixed length control field 710903s1967 ii b 00000 eng
010 ## - LIBRARY OF CONGRESS CONTROL NUMBER
LC control number sa 68003395 //r84
025 ## - OVERSEAS ACQUISITION NUMBER
Overseas acquisition number PL480:I-E-9694
050 0# - LIBRARY OF CONGRESS CALL NUMBER
Classification number JX1977
Item number .M77
082 ## - DEWEY DECIMAL CLASSIFICATION NUMBER
Classification number 341.1
100 10 - MAIN ENTRY--PERSONAL NAME
Personal name Mukherjee, Sakti Pada.
245 10 - TITLE STATEMENT
Title Reflections on League Covenant, United Nations and International Court of Justice.
260 0# - PUBLICATION, DISTRIBUTION, ETC.
Place of publication, distribution, etc. Calcutta,
Name of publisher, distributor, etc. Alpha Pub. Concern
Date of publication, distribution, etc. [1967]
300 ## - PHYSICAL DESCRIPTION
Extent viii, 236 p.
Dimensions 22 cm.
350 ## - PRICE (NR) (BK AM CF MU VM SE) [OBSOLETE]
Price Rs25
-- $3
504 ## - BIBLIOGRAPHY, ETC. NOTE
Bibliography, etc. note Bibliography: p. [225]-228.
610 20 - SUBJECT ADDED ENTRY--CORPORATE NAME
Corporate name or jurisdiction name as entry element United Nations.
610 20 - SUBJECT ADDED ENTRY--CORPORATE NAME
Corporate name or jurisdiction name as entry element International Court of Justice.
610 20 - SUBJECT ADDED ENTRY--CORPORATE NAME
Corporate name or jurisdiction name as entry element League of Nations.

No items available.

Powered by Koha